书目信息 |
| 题名: |
学习型社会
|
|
| 作者: | 赫钦斯 著 ;林曾 , 李德雄 , 蒋亚丽 译 | |
| 分册: | ||
| 出版信息: | 北京 社会科学文献出版社 2017 |
|
| 页数: | 167页 | |
| 开本: | 22cm | |
| 丛书名: | ||
| 单 册: | ||
| 中图分类: | G77 | |
| 科图分类: | ||
| 主题词: | 社会教育--she hui jiao yu--理论研究 | |
| 电子资源: | ||
| ISBN: | 978-7-5097-9237-7 | |
| 000 | 01257nam0 22002771 450 | |
| 001 | 0102164920 | |
| 005 | 20170502164920.0 | |
| 010 | @a978-7-5097-9237-7@b精装@dCNY49.00 | |
| 100 | @a20170329d2017 em y0chiy50 ea | |
| 101 | 1 | @achi@ceng |
| 102 | @aCN@b110000 | |
| 105 | @ay z 001yy | |
| 106 | @ar | |
| 200 | 1 | @a学习型社会@9xue xi xing she hui@dThe learning society@f(美)罗伯特·赫钦斯(Robert M. Hutchins)著@g林曾,李德雄,蒋亚丽等译@zeng |
| 210 | @a北京@c社会科学文献出版社@d2017 | |
| 215 | @a167页@d22cm | |
| 330 | @a本书把聚焦点集中在最重要、而且正呈现在我们眼前的那些问题上。一般说来,这些问题是由经济和技术的进步,国际社会和世界秩序的发展,以及所有社会阶级结构的消失所导致的,或者说,至少这些问题与前面提到的发展或变化相伴随。这些问题包括:谁应当受到何种教育?教育对国家实力提升与繁荣的作用;教育技术有哪些;对所有人开放的自由教育应该是怎样的;学习型社会是怎样的社会等等。 | |
| 510 | 1 | @aLearning society@zeng |
| 606 | 0 | @a社会教育@9she hui jiao yu@x理论研究 |
| 690 | @aG77@v5 | |
| 701 | 0 | @c(美)@a赫钦斯@9he qin si@c(Hutchins, Robert M.@f1899-1977)@4著 |
| 702 | 0 | @a林曾@9lin zeng@4译 |
| 702 | 0 | @a李德雄@9li de xiong@4译 |
| 702 | 0 | @a蒋亚丽@9jiang ya li@4译 |
| 801 | 0 | @aCN@b百万庄@c20170308 |
| 905 | @b1002868-73@dG77@e13@f6 | |
| 学习型社会=The learning society/(美)罗伯特·赫钦斯(Robert M. Hutchins)著/林曾,李德雄,蒋亚丽等译.-北京:社会科学文献出版社,2017 |
| 167页;22cm |
| ISBN 978-7-5097-9237-7(精装):CNY49.00 |
| 本书把聚焦点集中在最重要、而且正呈现在我们眼前的那些问题上。一般说来,这些问题是由经济和技术的进步,国际社会和世界秩序的发展,以及所有社会阶级结构的消失所导致的,或者说,至少这些问题与前面提到的发展或变化相伴随。这些问题包括:谁应当受到何种教育?教育对国家实力提升与繁荣的作用;教育技术有哪些;对所有人开放的自由教育应该是怎样的;学习型社会是怎样的社会等等。 |
| ● |
| 相关链接 |
|
|
|
|
正题名:学习型社会
索取号:G77/13
 
预约/预借
| 序号 | 登录号 | 条形码 | 馆藏地/架位号 | 状态 | 备注 |
| 1 | 1002868 | 210028682 | 第一样本阅览室/ [索取号:G77/13] | 在馆 | |
| 2 | 1002869 | 210028691 | 教育系资料室/ [索取号:G77/13] | 在馆 | |
| 3 | 1002870 | 210028708 | 教育系资料室/ [索取号:G77/13] | 在馆 | |
| 4 | 1002871 | 210028717 | 教育系资料室/ [索取号:G77/13] | 在馆 | |
| 5 | 1002872 | 210028726 | 第四借阅区/ [索取号:G77/13] | 在馆 | |
| 6 | 1002873 | 210028735 | 第四借阅区/ [索取号:G77/13] | 在馆 |